Normal view
MARC view
- Jain M Contributor(s): Jain M; Pillai V & Jain S
Entry Personal Name
001 - CONTROL NUMBER
- control field: 211229
003 - CONTROL NUMBER IDENTIFIER
- control field: OSt
005 - DATE AND TIME OF LATEST TRANSACTION
- control field: 20250205143334.0
008 - FIXED-LENGTH DATA ELEMENTS
- fixed length control field: 250205|| aca||aabn | a|a d
040 ## - CATALOGING SOURCE
- Original cataloging agency: OSt
- Transcribing agency: OSt
100 ## - HEADING--PERSONAL NAME
- Personal name: Jain M Contributor(s): Jain M; Pillai V & Jain S
670 ## - SOURCE DATA FOUND
- Source citation: Work cat.: (OSt)364998: Jain M Contributor(s): Jain M; Pillai V & Jain S, Computer networks